Municipalities of Savinja with a Map - Statistics

General Stats
  • This quiz has been taken 1,466 times
  • The average score is 14 of 31
Answers on the Map
Answers color-coded by a green-red scale on the quiz's map according to % correct below.
 
Answer Stats
Municipality % Correct
Celje
74%
Laško
55%
Velenje
55%
Luče
52%
Šentjur
51%
Ljubno
49%
Gornji Grad
48%
Solčava
48%
Dobje
47%
Rogaška Slatina
45%
Nazarje
44%
Podčetrtek
44%
Rogatec
44%
Štore
44%
Žalec
44%
Slovenske Konjice
43%
Šmarje pri Jelšah
43%
Kozje
42%
Mozirje
42%
Prebold
41%
Šmartno ob Paki
41%
Šoštanj
41%
Vransko
40%
Zreče
40%
Dobrna
39%
Tabor
39%
Vojnik
35%
Rečica ob Savinji
32%
Braslovče
31%
Polzela
31%
Vitanje
30%
No matching quizzes found
Score Distribution
Percent of People with Each Score
Percentile by Number Answered
Your Score History
You have not taken this quiz